000 00647cam a22002174a 4500
001 14907732
005 20180227092158.0
008 070628s2008 njua 001 0 eng
010 _a 2007026587
020 _a013199171X
040 _aDLC
_cDLC
_dDLC
041 _aeng
080 _a005.54 JOS
082 0 0 _a005.54 JOS
_222
100 1 _a35
101 _aSHK
245 1 0 _aExcel 2007 Microsoft Office in business comprehensive /
_cJoseph M. Manzo.
906 _a7
_bcbc
_corignew
_d1
_eecip
_f20
_gy-gencatlg
942 _2ddc
_cBK
999 _c43645
_d43645